Normal view
MARC view
Entry Topical Term
001 - CONTROL NUMBER
- control field: 29080
003 - CONTROL NUMBER IDENTIFIER
- control field: OSt
005 - DATE AND TIME OF LATEST TRANSACTION
- control field: 20260125094625.0
008 - FIXED-LENGTH DATA ELEMENTS
- fixed length control field: 260125|| aca||aabn | a|a d
040 ## - CATALOGING SOURCE
- Original cataloging agency: OSt
- Transcribing agency: OSt
150 ## - HEADING--TOPICAL TERM
- Topical term or geographic name entry element: বিদেশিদের চোখে মুক্তিযুদ্ধ
670 ## - SOURCE DATA FOUND
- Source citation: Work cat.: (OSt): শাহাব, মেজর (অব.) আগা. এইচ. আমিন কুদরত উল্লাহ 29079, ইন দ্য করিডোর অব পাওয়ার ফ্রম পাকিস্তান টু বাংলাদেশ /, ২০২৩
